| 000 | 00571nam a2200193 i 4500 | ||
|---|---|---|---|
| 001 | bgj | ||
| 100 | 1 | _aWELZIG Werner, | |
| 245 | 1 | 0 |
_aDer Deutsche Roman im 20. Jahrhundert / _cWerner Welzig. |
| 260 |
_aStuttgart : _bAlfred Kröner Verlag, _cc. 1967. |
||
| 300 |
_a406 S. ; _c18 cm. |
||
| 490 | 1 |
_aKröners Taschenausgabe ; _vBand 367 |
|
| 505 | _aRegister. | ||
| 650 | 9 |
_aDeutsche Roman _xKritik und Geschichte _y20 Jahrhundert |
|
| 830 | _aKröners Taschenausgabe ; | ||
| 040 | _cBPK | ||
| 041 | 0 | _ager | |
| 942 | _cKS | ||
| 008 | s gw f |000 0 ger | ||
| 999 |
_c50291 _d50291 |
||
| 856 |
_uhttp://koha.tu.koszalin.pl/cgi-bin/koha/opac-detail.pl?biblionumber=50291 _yKatalog online BPK |
||